书目信息 |
| 题名: |
高考志愿填报的秘密
|
|
| 作者: | 乌迪 著 | |
| 分册: | ||
| 出版信息: | 北京 中国友谊出版公司 2017 |
|
| 页数: | 257页 | |
| 开本: | 24cm | |
| 丛书名: | ||
| 单 册: | ||
| 中图分类: | G647.32 | |
| 科图分类: | ||
| 主题词: | 高等学校--招生--介绍--内蒙古 , 高考--升学参考资料 | |
| 电子资源: | ||
| ISBN: | 978-7-5057-4003-7 | |
| 000 | 00858nam0 2200241 450 | |
| 001 | 012001003460 | |
| 005 | 20130126094800.0 | |
| 010 | @a978-7-5057-4003-7@dCNY39.80 | |
| 100 | @a20180819d2017 em y0chiy50 ea | |
| 101 | 0 | @achi |
| 102 | @aCN@b110000 | |
| 105 | @aa z 000yy | |
| 106 | @ar | |
| 200 | 1 | @a高考志愿填报的秘密@9gao kao zhi yuan tian bao de mi mi@e深度解析志愿填报(内蒙古版)@f乌迪著 |
| 210 | @a北京@c中国友谊出版公司@d2017 | |
| 215 | @a257页@c照片@d24cm | |
| 330 | @a本书共8章,内容包括:高考报考,你不得不知道的事、院校篇、专业篇、备战内蒙古高考报考、职业生涯规划篇、港澳高校篇:比肩姊妹,并蒂之花、海外留学篇、报考案例分析篇。 | |
| 606 | 0 | @a高等学校@x招生@x介绍@y内蒙古 |
| 606 | 0 | @a高考@j升学参考资料 |
| 690 | @aG647.32@v5 | |
| 701 | 0 | @a乌迪@9wu di@4著 |
| 801 | 0 | @aCN@b江苏凤凰@c20191020 |
| 905 | @b1218016-9@dG647.32@e1246@f4 | |
| 高考志愿填报的秘密:深度解析志愿填报(内蒙古版)/乌迪著.-北京:中国友谊出版公司,2017 |
| 257页:照片;24cm |
| ISBN 978-7-5057-4003-7:CNY39.80 |
| 本书共8章,内容包括:高考报考,你不得不知道的事、院校篇、专业篇、备战内蒙古高考报考、职业生涯规划篇、港澳高校篇:比肩姊妹,并蒂之花、海外留学篇、报考案例分析篇。 |
| ● |
| 相关链接 |
|
|
|
|
正题名:高考志愿填报的秘密
索取号:G647.32/1246
 
预约/预借
| 序号 | 登录号 | 条形码 | 馆藏地/架位号 | 状态 | 备注 |
| 1 | 1218016 | 212180165 | 第一样本阅览室/ [索取号:G647.32/1246] | 在馆 | |
| 2 | 1218017 | 212180174 | 教育系资料室/ [索取号:G647.32/1246] | 在馆 | |
| 3 | 1218018 | 212180183 | 教育系资料室/ [索取号:G647.32/1246] | 在馆 | |
| 4 | 1218019 | 212180192 | 第四借阅区/ [索取号:G647.32/1246] | 在馆 |